Statistics for Android Apps with More than 1 Billion Installs

Click here to take the quiz!

General Stats

  • This quiz has been taken 116 times
    (51 since last reset)
  • The average score is 8 of 26

Answer Stats

RankAnswerCategoryDate of MilestoneEstimated Installs*% Correct
5.FacebookSocialAugust 28, 20144,131,971,019
90%
18.InstagramSocialAugust 16, 20161,830,088,938
86%
3.YouTubeVideo PlayersJuly 18, 20144,818,415,279
83%
8.Google+SocialDecember 27, 20143,252,802,916
67%
2.GoogleToolsDecember 2, 20144,870,772,223
67%
10.WhatsApp MessengerCommunicationMarch 12, 20152,945,629,220
64%
7.MessengerCommunicationJune 11, 20153,334,254,768
38%
11.Google ChromeCommunicationJune 26, 20152,939,323,904
36%
15.MapsTravel and LocalJune 6, 20142,474,046,838
36%
6.GmailCommunicationMay 10, 20143,905,330,543
31%
23.Google PhotosPhotographyJune 1, 20171,385,647,907
29%
14.Google Play MusicMusic and AudioAugust 23, 20152,475,393,845
29%
25.SkypeCommunicationNovember 2, 20171,039,077,295
29%
12.Google DriveProductivityOctober 12, 20152,926,524,703
21%
4.Google Play GamesEntertainmentAugust 17, 20154,705,499,583
12%
26.Subway SurfersArcadeApril 1, 20181,026,774,444
12%
20.Google Play BooksBooks and ReferenceJune 1, 20151,626,628,020
7%
16.Google Play Movies & TVVideo PlayersOctober 1, 20152,028,211,604
5%
24.Google Street ViewTravel and LocalJune 23, 20171,045,056,609
5%
13.HangoutsCommunicationJune 20, 20152,636,123,394
5%
21.Android System WebViewToolsApril 1, 20171,616,098,997
2%
17.Google Play NewsstandNews and MagazinesSeptember 20, 20152,017,872,669
2%
1.Google Play ServicesToolsJanuary 29, 20145,775,056,735
2%
19.Google TalkbackToolsAugust 18, 20151,728,031,297
2%
9.Google Text-to-SpeechToolsMarch 11, 20153,162,631,535
2%
22.Samsung Push ServiceCommunicationApril 9, 20161,547,928,522
2%

Score Distribution

Percentile by Number Answered

Percent of People with Each Score

Your Score History

You have not taken this quiz since the last reset